Normal view
MARC view
- Dr. Shahzad Rasool
Entry Personal Name
001 - CONTROL NUMBER
- control field: 81449
003 - CONTROL NUMBER IDENTIFIER
- control field: NUST
005 - DATE AND TIME OF LATEST TRANSACTION
- control field: 20210812101753.0
008 - FIXED-LENGTH DATA ELEMENTS
- fixed length control field: 210812|| aca||aabn | a|a d
040 ## - CATALOGING SOURCE
- Original cataloging agency: NUST
- Transcribing agency: NUST
100 ## - HEADING--PERSONAL NAME
- Personal name: Dr. Shahzad Rasool
670 ## - SOURCE DATA FOUND
- Source citation: Work cat.: (NUST): Muhammad Ali Bilal. 81447, Cognitive Workload Analysis in Visual and Auditory task using EEG Signals /, 2021.
